Radio engineering : (Record no. 183145)
[ view plain ]
| 000 -LEADER | |
|---|---|
| fixed length control field | 00854 a2200193 4500 |
| 003 - CONTROL NUMBER IDENTIFIER | |
| control field | Nust |
| 005 - DATE AND TIME OF LATEST TRANSACTION | |
| control field | 20221221112314.0 |
| 040 ## - CATALOGING SOURCE | |
| Transcribing agency | Nust |
| 082 ## - DEWEY DECIMAL CLASSIFICATION NUMBER | |
| Classification number | 621.384,SAN |
| 100 ## - MAIN ENTRY--PERSONAL NAME | |
| Personal name | E.K .Sandeman |
| 9 (RLIN) | 105496 |
| 245 ## - TITLE STATEMENT | |
| Title | Radio engineering : |
| Remainder of title | Volume.2 / |
| Statement of responsibility, etc. | E.K .Sandeman |
| 250 ## - EDITION STATEMENT | |
| Edition statement | 2nd ed |
| 260 ## - PUBLICATION, DISTRIBUTION, ETC. | |
| Place of publication, distribution, etc. | London, New York |
| Name of publisher, distributor, etc. | Chapman & Hall Ltd |
| Date of publication, distribution, etc. | 1953 |
| 300 ## - PHYSICAL DESCRIPTION | |
| Extent | xxi, 613 p |
| Other physical details | illus |
| Dimensions | 24 cm |
| 505 ## - FORMATTED CONTENTS NOTE | |
| Formatted contents note | Balanced and Unbalanced Circuits (Page-1), Interference and Noise (Page-17), Radio Receivers (Page-64), Measuring Equipment (Page-126), Response Adjustment and Equalizer Design (Page-185), Level Range Compression and Expansion and Level Limitation (Page-225), Feedback (Page-234), Network Theory (Page-269), Filters (Page-338), Formulae (Page-411). |
| 600 ## - SUBJECT ADDED ENTRY--PERSONAL NAME | |
| Personal name | E.K .Sandeman |
| 9 (RLIN) | 105496 |
| 650 ## - SUBJECT ADDED ENTRY--TOPICAL TERM | |
| Topical term or geographic name entry element | Radio engineering.Volume-2 |
| 9 (RLIN) | 105497 |
| 942 ## - ADDED ENTRY ELEMENTS (KOHA) | |
| Source of classification or shelving scheme | |
| Koha item type | Book |
| Withdrawn status | Lost status | Source of classification or shelving scheme | Damaged status | Not for loan | Permanent Location | Current Location | Shelving location | Date acquired | Full call number | Barcode | Date last seen | Price effective from | Koha item type | Public note |
|---|---|---|---|---|---|---|---|---|---|---|---|---|---|---|
| Military College of Signals (MCS) | Military College of Signals (MCS) | General Stacks | 12/12/2016 | 621.384,SAN | MCS6627 | 12/08/2016 | 12/12/2016 | Book | Almirah No.38, Shelf No.4 |
